000 01224cam a22003497a 4500
001 1203
005 20250710085040.0
020 _a9780545253956
040 _aBTCTA
_beng
_cBTCTA
_dBKX
_dTEF
_dSINLB
_dCGB
_dAU@
_dQS4
_dOCLCQ
_dBDX
_dOCLCO
_dDLC
050 0 0 _aPZ7.M59433
_bZi 2011
082 0 4 _aFic
_222
100 1 _aMiles, Ellen.
245 1 0 _aZiggy /
_bWhere every puppy finds a home
260 _aNew York :
_bScholastic,
_c2010.
300 _a83 pages ;
_c20 cm
_bIllustrations ;
490 _aThe Puppy Place
500 _a"Where every puppy finds a home"--Cover.
505 _aQ
520 _aCharles and his family foster the dachshund puppy Ziggy until they find him an owner, but when Ziggy runs away, Charles is determined to find him.
521 0 _a710
_bLexile
521 1 _aQ
_bRaz-Plus
650 0 _aPuppies
_vJuvenile fiction.
650 0 _aDog rescue
_vJuvenile fiction.
650 1 _aDogs
_vFiction.
650 1 _aDog rescue
_vFiction.
650 7 _aDogs
_vFiction.
_2sears
650 7 _aAnimal babies
_vFiction.
_2sears
650 7 _aAnimal babies
_vJuvenile fiction.
_2sears
655 0 _aChildren's stories.
906 _a7
_bcbc
_ccopycat
_d2
_encip
_f20
_gy-gencatlg
942 _2ddc
_cBK
_n0
999 _c1203
_d1203